00226nam a2200097Ia 4500008004100000041001200041100001200053245005000065260000600115650000700121221030s9999 xx 000 0 und d aEnglish aF. Khan 0aInformation Society in Global Agecby F. Khan c0 aMc